000
00307nam a2200109Ia 4500
008
171205s9999 xx 000 0 und d
020
_a
9781422227671
100
_a
Sanna, Ellyn.
245
_c
Ellyn Sanna
_a
Careers with Character Special Education Teacher
260
_b
Mason Crest
_c
2014
300
_a
96 pages
999
_c
347430
_d
347430